Normal view
MARC view
- Comsti, Angelo
Entry Personal Name
001 - CONTROL NUMBER
- control field: 33507
003 - CONTROL NUMBER IDENTIFIER
- control field: OSt
005 - DATE AND TIME OF LATEST TRANSACTION
- control field: 20181220142818.0
008 - FIXED-LENGTH DATA ELEMENTS
- fixed length control field: 181220|| aca||aabn | a|a d
040 ## - CATALOGING SOURCE
- Original cataloging agency: OSt
- Transcribing agency: OSt
100 ## - HEADING--PERSONAL NAME
- Personal name: Comsti, Angelo
670 ## - SOURCE DATA FOUND
- Source citation: Work cat.: (OSt): Comsti, Angelo, Surf's up :, cApr-June 2015.
